• 首页
  • 本馆介绍
  • 公告通知
  • 最新文献
  • 馆藏检索
  • 电子资源
  • 读者导购
  • 参考咨询
  • 我的图书馆
  • 登录
  • 详细信息显示
  • 放入我的书架
  • 预约/预借图书
  • 作者相关作品
  • 分类相关作品
  • 丛书相关作品
  • 出版社相关作品

书目信息

  • 表格格式
  • 工作单格式
  • 卡片格式
题名:
茶叶鉴赏购买指南
    
 
作者: 赵玉香 , 俞元宵 主编
分册:  
出版信息: 北京   北京联合出版公司  2015
页数: 11,323页
开本: 24cm
丛书名:
单 册:
中图分类: S571.1 , TS272.5
科图分类:
主题词: 茶叶--cha ye--鉴赏--中国 , 茶叶--cha ye--选购--中国
电子资源:
ISBN: 978-7-5502-6013-9
000 01235nam0 22002771 450
001 0103153626
005 20170503153626.0
010    @a978-7-5502-6013-9@dCNY78.00
100    @a20151021d2015 em y0chiy50 ea
101 0  @achi
102    @aCN@b110000
105    @aab z 000yy
106    @ar
200 1  @a茶叶鉴赏购买指南@9cha ye jian shang gou mai zhi nan@e2015-2016全新升级@f赵玉香,俞元宵主编
210    @a北京@c北京联合出版公司@d2015
215    @a11,323页@c彩照,地图@d24cm
300    @a紫图书库 6221 轻图典 022
330    @a本书分为导读篇和茶叶篇两部分。导读篇是对整个茶知识体系的梳理,使读者便捷了解茶文化、茶分类、茶区分布、制作工艺、茶具以及有关茶专业术语方面的知识。茶叶篇按七大茶类——绿茶、白茶、黄茶、青茶(乌龙茶)、红茶、黑茶、工艺花茶来排列,阐述每种茶的产地信息、采摘标准、标准的冲泡方法和品饮忌宜。每款茶汤都是经专家指导,按标准方式冲泡而成的。每款干茶形态、叶底风格不仅可以参照比较,还可供辨别真伪之用。
606 0  @a茶叶@9cha ye@x鉴赏@y中国
606 0  @a茶叶@9cha ye@x选购@y中国
690    @aS571.1@v5
690    @aTS272.5@v5
701  0 @a赵玉香@9zhao yu xiang@c(女,@f1965~)@4主编
701  0 @a俞元宵@9yu yuan xiao@c(女)@4主编
801  0 @aCN@bTANGWEI@c20170308
905    @b0967412-4@dS571.1@e72@f3
    
    茶叶鉴赏购买指南:2015-2016全新升级/赵玉香,俞元宵主编.-北京:北京联合出版公司,2015
    11,323页:彩照,地图;24cm
    紫图书库 6221 轻图典 022
    
    ISBN 978-7-5502-6013-9:CNY78.00
    本书分为导读篇和茶叶篇两部分。导读篇是对整个茶知识体系的梳理,使读者便捷了解茶文化、茶分类、茶区分布、制作工艺、茶具以及有关茶专业术语方面的知识。茶叶篇按七大茶类——绿茶、白茶、黄茶、青茶(乌龙茶)、红茶、黑茶、工艺花茶来排列,阐述每种茶的产地信息、采摘标准、标准的冲泡方法和品饮忌宜。每款茶汤都是经专家指导,按标准方式冲泡而成的。每款干茶形态、叶底风格不仅可以参照比较,还可供辨别真伪之用。
●
相关链接 在E读中查询图书 在五车中查询图书 在当当中查询图书 在豆瓣中查询图书


正题名:茶叶鉴赏购买指南     索取号:S571.1/72         预约/预借

序号 登录号 条形码 馆藏地/架位号 状态 备注
1 0967412   209674128   第二样本阅览室/ [索取号:S571.1/72] 在馆    
2 0967413   209674137   第三借阅区/ [索取号:S571.1/72] 在馆    
3 0967414   209674146   第三借阅区/ [索取号:S571.1/72] 在馆    
唐山师范学院图书馆 欢迎您!
大连网信软件有限公司© 版权所有